Kar̲utta nakṣatr̲aṃ. (Record no. 75150)

MARC details
000 -LEADER
fixed length control field 00538cam a22002171 4500
001 - CONTROL NUMBER
control field sa 67005367
003 - CONTROL NUMBER IDENTIFIER
control field DLC
005 - DATE AND TIME OF LATEST TRANSACTION
control field 20260227112356.0
008 - FIXED-LENGTH DATA ELEMENTS--GENERAL INFORMATION
fixed length control field 900122s1966 ii 000 0 malo
010 ## - LIBRARY OF CONGRESS CONTROL NUMBER
LC control number sa 67005367
035 ## - SYSTEM CONTROL NUMBER
System control number (OCoLC)20940961
040 ## - CATALOGING SOURCE
Original cataloging agency DLC
Transcribing agency WaU
Modifying agency DLC
042 ## - AUTHENTICATION CODE
Authentication code premarc
050 00 - LIBRARY OF CONGRESS CALL NUMBER
Classification number PL4718.9.J64
Item number K33
100 1# - MAIN ENTRY--PERSONAL NAME
Personal name Joseph, V. T.
245 10 - TITLE STATEMENT
Title Kar̲utta nakṣatr̲aṃ.
260 ## - PUBLICATION, DISTRIBUTION, ETC.
Place of publication, distribution, etc. Kunnamkulam,
Name of publisher, distributor, etc. H. & C. Stores
Date of publication, distribution, etc. [1966]
300 ## - PHYSICAL DESCRIPTION
Extent 208 p.
Dimensions 18 cm.
500 ## - GENERAL NOTE
General note In Malayalam.
500 ## - GENERAL NOTE
General note A play.

No items available.

Powered by Koha